La constitución mexicana comentada por Maquiavelo. (Registro nro. 67146)
[ vista simple ]
| 000 -LEADER | |
|---|---|
| fixed length control field | 00671nam a2200241 u 4500 |
| 001 - CONTROL NUMBER | |
| control field | 67146 |
| 003 - CONTROL NUMBER IDENTIFIER | |
| control field | Mx-PuUPA |
| 005 - DATE AND TIME OF LATEST TRANSACTION | |
| control field | 20230207104043.0 |
| 008 - FIXED-LENGTH DATA ELEMENTS--GENERAL INFORMATION | |
| fixed length control field | 170406s2008 mx r 000 0 spa d |
| 020 ## - INTERNATIONAL STANDARD BOOK NUMBER | |
| International Standard Book Number | 978-968-23-1752-1 |
| 040 ## - CATALOGING SOURCE | |
| Transcribing agency | Mx-PuUPA |
| 082 ## - DEWEY DECIMAL CLASSIFICATION NUMBER | |
| Classification number | 320.1 |
| Item number | ART |
| 100 1# - MAIN ENTRY--PERSONAL NAME | |
| Personal name | Arteaga Nava, Elisur, |
| Relator term | autor |
| 9 (RLIN) | 6776 |
| 245 13 - TITLE STATEMENT | |
| Title | La constitución mexicana comentada por Maquiavelo. |
| 250 ## - EDITION STATEMENT | |
| Edition statement | Primera edición |
| 264 #1 - PRODUCTION, PUBLICATION, DISTRIBUTION, MANUFACTURE, AND COPYRIGHT NOTICE | |
| Place of production, publication, distribution, manufacture | México : |
| Name of producer, publisher, distributor, manufacturer | Siglo veintiuno |
| 300 ## - PHYSICAL DESCRIPTION | |
| Extent | 223 páginas ; |
| Dimensions | 23 cm. |
| 336 ## - CONTENT TYPE | |
| Content type term | texto |
| Source | rdacontent |
| 337 ## - MEDIA TYPE | |
| Media type term | sin mediación |
| Source | rdamedia |
| 338 ## - CARRIER TYPE | |
| Carrier type term | volumen |
| Source | rdacarrier |
| 490 0# - SERIES STATEMENT | |
| Series statement | Sociología y política |
| 942 ## - ADDED ENTRY ELEMENTS (KOHA) | |
| Source of classification or shelving scheme | Dewey Decimal Classification |
| Koha item type | Libro |
| Withdrawn status | Lost status | Source of classification or shelving scheme | Damaged status | Not for loan | Home library | Current library | Shelving location | Date acquired | Source of acquisition | Total Checkouts | Full call number | Barcode | Price effective from | Koha item type | Collection code | Inventory number | Date last seen |
|---|---|---|---|---|---|---|---|---|---|---|---|---|---|---|---|---|---|
| No inventariado | Dewey Decimal Classification | Biblioteca Karol Wojtyla | Biblioteca Karol Wojtyla | 03/12/2013 | Compra | 320.0972 ART | 20031 | 03/12/2013 | Libro | ||||||||
| Dewey Decimal Classification | Biblioteca Karol Wojtyla | Biblioteca Karol Wojtyla | Sala general | 03/12/2013 | Compra | 320.0972 ART | 20032 | 03/12/2013 | Libro | General | 151000000000000000056158 | 05/01/2026 | |||||
| Descarte | Dewey Decimal Classification | Biblioteca Karol Wojtyla | Biblioteca Karol Wojtyla | 03/12/2013 | Compra | 320.0972 ART | 27405 | 03/12/2013 | Libro | ||||||||
| Dewey Decimal Classification | Consulta en sala | Tehuacán | Tehuacán | Sala general | 06/04/2017 | Compra | 320.1 ART 2008 | 510637 | 06/04/2017 | Reserva permanente | General | 08/01/2025 |